Online
Catalog

Lo más valioso del saber / (Record no. 23868)

MARC details
000 -CABECERA
campo de control de longitud fija 00884nam a2200229 a 4500
001 - NÚMERO DE CONTROL
campo de control 000024375
005 - FECHA Y HORA DE LA ÚLTIMA TRANSACCIÓN
campo de control 20200930022946.0
008 - DATOS DE LONGITUD FIJA--INFORMACIÓN GENERAL
campo de control de longitud fija 110126s1971 mx r 000 e spa d
040 ## - FUENTE DE LA CATALOGACIÓN
Centro catalogador/agencia de origen DO-SdBNP
Lengua de catalogación spa
Centro/agencia transcriptor BNPHU
041 17 - CÓDIGO DE LENGUA
Código de lengua del texto/banda sonora o título independiente spa
Código de lengua original eng
Fuente del código Código de idiomas MARC
082 ## - NÚMERO DE LA CLASIFICACIÓN DECIMAL DEWEY
Número de clasificación 370
Número de documento/Ítem L795m
049 ## - FONDOS LOCALES (OCLC)
Fondos de biblioteca BNGR
240 14 - TÍTULO UNIFORME
Título uniforme The knowledge most worth having.
Lenguaje de la obra Español
245 03 - MENCIÓN DE TÍTULO
Título Lo más valioso del saber /
Mención de responsabilidad, etc. Compilado por Wayne C. Booth ; traducción de Agustín Barcena.
260 ## - PUBLICACIÓN, DISTRIBUCIÓN, ETC.
Lugar de publicación, distribución, etc. México :
Nombre del editor, distribuidor, etc. Limusa-Wiley,
Fecha de publicación, distribución, etc. 1971.
300 ## - DESCRIPCIÓN FÍSICA
Extensión 190 p. ;
Dimensiones 22 cm.
504 ## - NOTA DE BIBLIOGRAFÍA, ETC.
Nota de bibliografía, etc. Incluye referencias bibliográficas y notas al pie de las páginas.
534 ## - NOTA SOBRE LA VERSIÓN ORIGINAL
Frase introductoria Título original en inglés:
Mención de título del original The knowledge most worth having.
Publicación, distribución, etc. del original University of Chicago, 1967
650 #4 - PUNTO DE ACCESO ADICIONAL DE MATERIA--TÉRMINO DE MATERIA
Término de materia o nombre geográfico como elemento de entrada Educación
Subdivisión general Ensayos, conferencias, etc.
9 (RLIN) 31150
700 1# - PUNTO DE ACCESO ADICIONAL--NOMBRE DE PERSONA
Nombre de persona Booth, Wayne C.,
9 (RLIN) 49985
700 1# - PUNTO DE ACCESO ADICIONAL--NOMBRE DE PERSONA
Nombre de persona Barcena, Agustín,
Término indicativo de función/relación tr.
9 (RLIN) 5521
Holdings
Estado de retiro Estado de pérdida Restricciones de uso No para préstamo Código de colección Localización permanente Ubicación/localización actual Ubicación en estantería Fecha de adquisición Número de inventario Total de préstamos Signatura topográfica completa Código de barras Fecha visto por última vez Precio válido a partir de Tipo de ítem Koha
    Préstamo interno   Monografías: Libros y Folletos General General En catalogación 26.01.2011 LF1   370 L795m 24375-10 25.06.2020 25.06.2020 Préstamo interno

Powered by Koha